Electromagnetic fields and waves
Uloženo v:
| Hlavní autoři: | , |
|---|---|
| Médium: | Kniha |
| Jazyk: | španělština |
| Vydáno: |
San Francisco
W.H. Freeman
1970
|
| Vydání: | 2a. ed |
| Témata: | |
| Tagy: |
Přidat tag
Žádné tagy, Buďte první, kdo vytvoří štítek k tomuto záznamu!
|
MARC
| LEADER | 00000nam a2200000 a 4500 | ||
|---|---|---|---|
| 001 | UCK9207 | ||
| 003 | CL-VaPUC | ||
| 008 | 060421e19700000US |||||||||||||||||spa|d | ||
| 020 | |a 0716703319 | ||
| 082 | 0 | 4 | |a 537 |b LOR |2 21 |
| 100 | |a Lorrain, Paul |e autor |9 554362 | ||
| 700 | 0 | |a Corson, Dale R |e author |9 498945 | |
| 245 | 1 | 0 | |a Electromagnetic fields and waves |
| 250 | |a 2a. ed | ||
| 300 | |a 706 p | ||
| 942 | |c BK | ||
| 945 | |d 20060421 00:00:00 |a jtorresc | ||
| 260 | |a San Francisco |b W.H. Freeman |c 1970 | ||
| 650 | 0 | |a Electromagnetismo |9 260123 | |
| 650 | 0 | |a Física matemática |9 260981 | |
| 650 | 7 | |a CAMPOS MAGNETICOS |2 CL-VaPUC |9 498946 | |
| 583 | |a last modification |c 20060421 00:00:00 |k Rodrigo Vera | ||
| 999 | |c 316481 |d 316479 | ||
| 952 | |0 0 |1 0 |4 0 |6 537_000000000000000_LOR_1970 |7 0 |8 A |9 390879 |a BIBCUR |b BIBCUR |d 2019-11-22 |i 422325K |l 1 |o 537 LOR 1970 |p 422325K |r 2025-04-22 |s 2024-11-15 |w 2019-11-22 |y BK |k FIS | ||